000 00234nam a2200097Ia 4500
008 240625s9999 xx 000 0 und d
041 _aeng
100 _aMAHAJAN M I
245 _aFOREIGN TRADE POLICY PROCEDURES AND DOCU
260 _c2005
999 _c33257
_d33257